Guess The Artist By Letter (I) - Statistics

General Stats
  • This quiz has been taken 61 times
  • The average score is 3 of 9
Answer Stats
Hint Answer % Correct
Radioactive Imagine Dragons
81%
The Passenger Iggy Pop
58%
Fancy Iggy Azalea
57%
It Was A Good Day Ice Cube
42%
Hallowed Be Thy Name Iron Maiden
23%
I'm Your Pusher Ice-T
13%
I Don't Want to Set The World On Fire The Ink Spots
8%
Jump Around Insane Clown Posse
6%
Obstacle 1 Interpol
6%
No matching quizzes found
Score Distribution
Percent of People with Each Score
Percentile by Number Answered
Your Score History
You have not taken this quiz